000 00480nam a2200193Ia 4500
005 20240823021359.0
008 240823s9999||||xx |||||||||||||| ||und||
020 _a81-7598-014-1
041 _aENGLISH
082 _A623.888 N7
100 _aSterling Book House
245 0 _aProcedures for Port State Control
250 _a1st
260 _c1997
_bInternational Martime Organiz
_aLondon
500 _aTRANSFERED
650 _aPort
_bMarine
942 _cBK
999 _c176908
_d176908